College Quizbowl Stats
College Quizbowl Stats
Circuits
Seasons
Sets
Records
Detailed Stats
About
Loading...
2024 ACF Winter at Brandeis
Tossups
Bonuses
Players
Teams
Categories (Tossup)
Categories (Bonus)
Lily Fasciano
Brandeis C
Categories
Category
Powers
Gets
Negs
BBs
Points
Earliest Buzz
Avg. Buzz
First Buzzes
Top 3 Buzzes
BPA
PVF
Fine Arts - Classical Music
0
2
0
0
20
64
96.50
0
0
0.00
0.00
Fine Arts - Other
0
1
0
0
10
131
131.00
0
0
0.00
0.00
History - Other
0
1
0
0
10
124
124.00
0
0
0.00
0.00
Buzzes
Category
Answer
Value
Buzz Position
Fine Arts - Classical Music
percussion
10
64
History - Other
plebeians
10
124
Fine Arts - Classical Music
Leonard Bernstein
10
129
Fine Arts - Other
Herbie Hancock
10
131
Previous
1
Next